MARC

LEADER 00000nas a22000007a 4500
001 ssj0012502
003 WaSeSS
005 20200512172242.0
006 m d
007 cr n
008 101031c19919999iluqr p sb | a0eng
010 |a  2011202374 
022 |a 2163-5269  |l 1055-4742  |y 1055-4742 
035 |a (WaSeSS)ssj0012502 
040 |a OCLCE  |b eng  |c OCLCE  |d OCLCS  |d AU@  |d TXJ  |d CO3  |d OCLCQ  |d DLC  |d OCLCQ  |d OCLCO  |d OCLCF  |d COO  |d OCLCO  |d OCLCQ  |d WaSeSS 
042 |a pcc  |a nsdp 
043 |a n-us--- 
050 1 4 |a Z1037  |b .B7218 
082 1 0 |a 015  |2 14 
210 0 |a Book links  |b (Online) 
222 0 |a Book links  |b (Online) 
245 0 0 |a Book links  |h [electronic resource]. 
260 |a Chicago, IL :  |b American Library Association,  |c ©1991- 
310 |a Quarterly,  |b Oct. 2009- 
321 |a Bimonthly,  |b 1991- 
362 1 |a Began with vol. 1, no. 1 (Sept. 1991). 
506 |a License restrictions may limit access. 
515 |a Preceded by two preliminary issues, dated May 1991 and July 1991. 
538 |a Mode of access: World Wide Web. 
580 |a Previously issued as an insert to: Booklist (Chicago, Ill. : 1969). 
588 |a Description based on: Vol. 18, no. 6 (July 2009); title from contents pg. (Ala.org, viewed Jan. 31, 2010). 
588 |a Latest issue consulted: Vol. 19, no. 1 (Oct. 2009) (viewed Sept. 12, 2011). 
650 0 |a Children  |x Books and reading  |z United States  |v Periodicals. 
650 0 |a Best books  |z United States  |v Periodicals. 
650 0 |a School libraries  |z United States  |v Book lists  |v Periodicals. 
650 0 |a Children's libraries  |z United States  |v Book lists  |v Periodicals. 
650 6 |a Enfants  |x Livres et lecture  |z États-Unis  |v Périodiques. 
650 6 |a Meilleurs ouvrages  |z États-Unis  |v Périodiques. 
650 6 |a Bibliothèques scolaires  |z États-Unis  |v Listes de livres recommandés  |v Périodiques. 
650 6 |a Bibliothèques pour enfants  |z États-Unis  |v Listes de livres recommandés  |v Périodiques. 
650 7 |a Best books.  |2 fast  |0 (OCoLC)fst00830867 
650 7 |a Children  |x Books and reading.  |2 fast  |0 (OCoLC)fst00854849 
650 7 |a Children's libraries.  |2 fast  |0 (OCoLC)fst00855781 
650 7 |a School libraries.  |2 fast  |0 (OCoLC)fst01107511 
650 7 |a Bibliothèque pour enfants.  |2 rasuqam 
650 7 |a Bibliothèque scolaire.  |2 rasuqam 
650 7 |a Enfant.  |2 rasuqam 
650 7 |a Littérature de jeunesse.  |2 rasuqam 
650 7 |a Lecture.  |2 rasuqam 
650 7 |a Livre.  |2 rasuqam 
651 7 |a United States.  |2 fast  |0 (OCoLC)fst01204155 
651 7 |a États-Unis.  |2 rasuqam 
655 0 |a Electronic journals. 
772 0 |t Booklist (Chicago, Ill. : 1969)  |g Oct. 2009- 
776 0 8 |i Print version ed.:  |t Book links  |x 1055-4742  |w (DLC) 92648932  |w (OCoLC)23189539 
787 1 |t Booklist (Chicago, Ill. : 1969 : Online) 
830 0 |a Australia New Zealand Reference Centre electronic journal collection. 
856 4 0 |z Full text available from Research Library: 11/01/1998 to 04/30/2016  |u https://search.proquest.com/publication/31915